000 00449cam a2200181ua 4500
001 3126
008 110929n ii |||gr||||Z||||||asm
040 _cMAIN
082 _a891.4513
100 1 _aMalik, Syed Abdul,
245 1 1 _aAnya yog bhinna tirtha
_cby Syed Abdul Malik
250 _a1st.
260 _aGuahati:
_bStudents stores,988.
300 _a186p:
_c23cm.
653 _aAssamese novel
653 _aAnya yog bhinna tirtha
942 _cBK
999 _c2972
_d2972